000 00779nam a2200205Ia 4500
003 GCL
008 140319s9999 xx 000 0 ara d
020 _a8242231911
040 _aGCL /
_cGCL
082 0 4 _a657.45
_bا م
100 1 _aابراهيم طه عبدالوهاب
245 1 0 _aالمراجعة :
_bالنظرية العلمية والممارسة المهنية /
_cابراهيم طه عبدالوهاب
260 _aالقاهرة :
_bقسم المحاسبة - كلية التجارة جامعة المنصورة ،
_c2004
300 _a397 ص ؛
_c24 سم
650 0 4 _aمراجعة الحسابات
650 0 4 _aالمحاسبة الالية
650 0 4 _aالمحاسبة
650 0 4 _aالمحاسبة - برامج الحاسبات
942 _2ddc
_cBK
999 _c57525
_d57525